00346nam a2200121Ia 4500003000400000008004100004040001600045082001900061100002100080245006700101260004600168300001000214GCL140319s9999 xx 000 0 eng d aGCL / cGCL04a686.22544bG V1 aGOSSNEY, MICHAEL10aTHE VERBUM BOOK OF ELECTRONIC PAFE DESIGN / cGOSSNEY, MICHAEL a[S.N] : bA AND C BLACK LIMITED ، c1990 a211 P